1831 1568 1526 1237 1609 1234 1364 1851 1330 1128 1389 1668 1867 1465 1893 1041 1229 1364 1607 1646 1708 1843 1180 1401 1512 1383 1742 1331 1771 1995 1562 1387 1645 1546 1353 1467 1071 1131 1003 1764 1063 1416 1198 1414 1545 1632 1444 1898 1771 1340 1634 1184 1116 1959 1850 1635 1869 1718 1799 1035 1539 1451 1686 1071 1791 1580 1218 1130 1079 1453 1811 1842 1138 1748 1691 1282 1450 1213 1080 1592 1696 1295 1937 1247 1514 1945 1789 1005 1345 1866 1536 1265 1880 1121 1763 1831 1886 1372 1551 BCNSPRNW ULIB Ver.6.0+V

เปลี่ยนเป็นภาษาไทย

Change to English
 แสดงรายละเอียดบรรณานุกรม
  กลับหน้าหลัก

Brief Record : Get Marc (ISO 2709) : E-mail record : QR code < ปิดหน้าต่าง
LEADER : 00000nam 2200000uu 4500
001    13399109750
003     ULIB
008    110410s2553||||th 000 0 tha d
020    9789744013514
060 04 WC100^bร924U 2553
245 00 Update on pediatric infectious diseases^n2010 /^cบรรณาธิการ, อังกูร เกิดพานิช, วีระชัย วัฒนาวีรเดช, ทวี โชติพิทยสุนนท์
246 30 Pediatric infectious diseases 2010
250    พิมพ์ครั้งที่ 1
260    กรุงเทพฯ :^bสมาคมโรคติดเชื้อในเด็กแห่งประเทศไทย,^c2553
300    xi, 268 หน้า :^bภาพประกอบ ;^c28 ซม.
650  7 กุมารเวชศาสตร์
650  7 เด็ก^xโรค^xการรักษา
650  7 โรคติดต่อ^xในวัยทารกและวัยเด็ก
650  7 โรคติดต่อ, การควบคุม
700 0  อังกูร เกิดพานิช,^eบรรณาธิการ
700 0  วีระชัย วัฒนาวีรเดช,^eบรรณาธิการ
700 0  ทวี โชติพิทยสุนนท์,^eบรรณาธิการ
710 2  สมาคมโรคติดเชื้อในเด็กแห่งประเทศไทย
945    ^p400^l0^i028233
945    ^p400^l0^i028231
945    ^p400^l0^i028232
995    ทศพร
999 ^a ใช้งานได้ทุกระบบ
รายการนี้ยังไม่มีแท็ก
คุณยังไม่ได้ล็อกอิน คุณสามารถมีกิจกรรมร่วมกับเว็บไซต์ได้ แต่ต้องล็อกอินก่อน ::
  ล็อกอิน

รายการสื่อสารสนเทศ

ลำดับที่ ประเภท เลขเรียก/บาร์โค้ด สถานที่ สถานะ
1. วิทยาศาสตร์การแพทย์ และสุขภาพ
หนังสือสำรอง
สถานะ=หนังสือสำรอง
WC100 ร924U 2553 ฉ.1 
  Barcode: 028231
ห้องสมุดวิทยาเขตสวรรค์ประชารักษ์
►ส่วนจัดเก็บหนังสือเก่า สปร
บนชั้น
  ขอยืม
2. วิทยาศาสตร์การแพทย์ และสุขภาพ
วิทยาศาสตร์การแพทย์ และสุขภาพ
WC100 ร924U 2553 ฉ.2 
  Barcode: 028232
ห้องสมุดวิทยาเขตสวรรค์ประชารักษ์
►ส่วนจัดเก็บหนังสือเก่า สปร
บนชั้น
  ขอยืม
3. วิทยาศาสตร์การแพทย์ และสุขภาพ
วิทยาศาสตร์การแพทย์ และสุขภาพ
WC100 ร924U 2553 ฉ.3 
  Barcode: 028233
ห้องสมุดวิทยาเขตสวรรค์ประชารักษ์
►ส่วนจัดเก็บหนังสือเก่า สปร
บนชั้น
  ขอยืม

รายการใกล้เคียง
    หัวเรื่อง [กุมารเวชศาสตร์]
    หัวเรื่อง [โรคติดต่อ, การควบคุม]

BibComment


ยังไม่เคยถูกคอมเมนท์

คอมเมนท์ทรัพยากรรายการนี้
  คอมเมนท์: Update on pediatr..


 Copyright 2026. Bcnsprnw @Library